[Event "SR 1. liga zapad 2010/2011"]
[Site "?"]
[Date "2011.03.19"]
[Round "8.2"]
[White "Podoba, Milan"]
[Black "Slapak, Zdenek"]
[Result "1-0"]
[WhiteElo "2167"]
[BlackElo "2133"]
[PlyCount "55"]
[EventDate "2010.??.??"]

1. e4 e5 2. Nf3 Nc6 3. Bb5 a6 4. Ba4 Nf6 5. d4 exd4 6. O-O Be7 7. e5 Ne4 8.
Nxd4 O-O 9. Nf5 d5 10. Bxc6 bxc6 11. Nxe7+ Qxe7 12. Re1 Rb8 13. f3 Ng5 14. b3
Bb7 15. Ba3 c5 16. Nc3 Rfd8 17. Qd2 d4 18. Na4 Ne6 19. c3 dxc3 20. Qe3 c2 21.
Rac1 Qh4 22. Rxc2 Rd3 23. Qf2 Qg5 24. Bc1 Qf5 25. Nxc5 Rd5 26. Nxe6 fxe6 27.
Rxc7 Ba8 28. Qa7 1-0

[Event "SR 1. liga zapad 2010/2011"]
[Site "?"]
[Date "2011.03.19"]
[Round "8.2"]
[White "Ruckschloss, Karol"]
[Black "Srvatka, Igor"]
[Result "1-0"]
[WhiteElo "2271"]
[BlackElo "2205"]
[PlyCount "65"]
[EventDate "2010.??.??"]

1. c4 c6 2. d4 d5 3. e3 Nf6 4. Nf3 Bf5 5. cxd5 cxd5 6. Qb3 Qb6 7. Qxb6 axb6 8.
Bb5+ Nfd7 9. Nc3 e6 10. Ne5 Bb4 11. Bd2 f6 12. Nxd7 Nxd7 13. Na4 Bxd2+ 14. Kxd2
Ra5 15. Rhc1 Ke7 16. Bxd7 Kxd7 17. Nxb6+ Kd6 18. a4 e5 19. b4 Ra6 20. a5 exd4
21. exd4 Re8 22. Rc5 Re4 23. Rxd5+ Ke6 24. f3 Rxb6 25. fxe4 Bxe4 26. axb6 Kxd5
27. Kc3 f5 28. Rc1 Bxg2 29. Rg1 Be4 30. Rxg7 Kc6 31. Rxh7 Kxb6 32. Re7 Kb5 33.
Rxe4 1-0

[Event "SR 1. liga zapad 2010/2011"]
[Site "?"]
[Date "2011.03.19"]
[Round "8.2"]
[White "Sulek, Viliam"]
[Black "Veres, Andrej"]
[Result "1/2-1/2"]
[WhiteElo "2144"]
[BlackElo "2168"]
[PlyCount "104"]
[EventDate "2010.??.??"]

1. e4 d5 2. exd5 Qxd5 3. Nc3 Qa5 4. Bc4 Nf6 5. d3 Bg4 6. f3 Bf5 7. g4 Bg6 8.
Bd2 c6 9. Qe2 e6 10. h4 h6 11. Nh3 Be7 12. O-O-O Qc7 13. Nf4 Bh7 14. g5 Nd5 15.
Bxd5 cxd5 16. gxh6 gxh6 17. Ncxd5 Qc6 18. Nxe7 Kxe7 19. Qe5 Na6 20. Rhe1 Qd6
21. Nd5+ Kd7 22. Nf6+ Ke7 23. Qxd6+ Kxd6 24. Bxh6 Bf5 25. Bg5 Rac8 26. Ne4+ Kd7
27. a3 b5 28. Bf6 Rh6 29. Bg5 Rhh8 30. Ng3 Bg6 31. Rh1 Bh5 32. Nxh5 Rxh5 33. d4
Nc7 34. Rdg1 Nd5 35. Bd2 Rch8 36. Rg4 Rf5 37. f4 Rfh5 38. b3 Ke8 39. Kb2 a6 40.
c4 bxc4 41. bxc4 Nf6 42. Rg5 Rxh4 43. Rxh4 Rxh4 44. Ra5 Ne4 45. Bb4 Rxf4 46.
Rxa6 Ng3 47. d5 Rxc4 48. dxe6 fxe6 49. Rxe6+ Kd7 50. Rg6 Nf5 51. Kb3 Rc6 52.
Rxc6 Kxc6 1/2-1/2

[Event "SR 1. liga zapad 2010/2011"]
[Site "?"]
[Date "2011.03.19"]
[Round "8.3"]
[White "Berek, Geza"]
[Black "Pagerka, Martin"]
[Result "1-0"]
[WhiteElo "2216"]
[BlackElo "2260"]
[PlyCount "63"]
[EventDate "2010.??.??"]

1. e4 c5 2. Nf3 a6 3. Nc3 d6 4. d4 cxd4 5. Nxd4 Nf6 6. Be3 e6 7. f3 Nbd7 8. Qd2
b5 9. g4 h6 10. O-O-O Bb7 11. h4 b4 12. Na4 Qa5 13. b3 d5 14. e5 Nxe5 15. Nxe6
d4 16. Nxd4 O-O-O 17. Qe2 Nd5 18. Bg2 Bc5 19. f4 Nc3 20. Bxb7+ Kxb7 21. Nxc3
bxc3 22. Kb1 Bxd4 23. Rxd4 Nc6 24. Ra4 Qb5 25. Qc4 Rhe8 26. Qxc3 Qd5 27. Rc1
Qf3 28. Re1 Qg3 29. Kb2 Re6 30. f5 Re5 31. Rxa6 Rc8 32. Rb6+ 1-0

[Event "SR 1. liga zapad 2010/2011"]
[Site "?"]
[Date "2011.03.19"]
[Round "8.3"]
[White "Gasa, Andrej"]
[Black "Fabian, Jaroslav"]
[Result "1-0"]
[WhiteElo "2256"]
[BlackElo "2202"]
[PlyCount "115"]
[EventDate "2010.??.??"]

1. e4 c5 2. Nf3 d6 3. d4 cxd4 4. Nxd4 Nf6 5. Nc3 Nc6 6. Be2 a6 7. O-O e6 8. a4
Qc7 9. Be3 Be7 10. Nb3 b6 11. f4 O-O 12. g4 d5 13. exd5 Nxd5 14. Nxd5 exd5 15.
c3 Bb7 16. Bf3 Rad8 17. Qd2 Rfe8 18. Rad1 Bf8 19. Bf2 Na5 20. Nxa5 bxa5 21. Bd4
Bd6 22. f5 f6 23. Rfe1 Kf7 24. Qf2 Rxe1+ 25. Rxe1 Re8 26. Rxe8 Kxe8 27. Qe2+
Kf8 28. h3 Qd7 29. b3 Bc7 30. Qe3 Kf7 31. Bg2 Qd6 32. Bc5 Qh2+ 33. Kf1 Qxg2+
34. Kxg2 d4+ 35. Qf3 Bxf3+ 36. Kxf3 dxc3 37. Ke3 Ke8 38. Kd3 Kd7 39. Kxc3 Kc6
40. Kc4 Bg3 41. Bf8 g6 42. Be7 gxf5 43. gxf5 Bh4 44. Bd8 Kd6 45. Kd4 Bf2+ 46.
Ke4 Bh4 47. Bxa5 Kc5 48. Bc3 h5 49. Kd3 Kd5 50. b4 Bg5 51. Bd4 Bh4 52. b5 axb5
53. axb5 Bg5 54. b6 Kc6 55. Ke4 Bh4 56. b7 Kxb7 57. Kd5 Kc7 58. Ke6 1-0

[Event "SR 1. liga zapad 2010/2011"]
[Site "?"]
[Date "2011.03.19"]
[Round "8.3"]
[White "Kalisky, Vladimir"]
[Black "Likavsky, Tomas"]
[Result "1/2-1/2"]
[WhiteElo "2273"]
[BlackElo "2466"]
[PlyCount "64"]
[EventDate "2010.??.??"]

1. e4 c5 2. c3 d5 3. exd5 Qxd5 4. Nf3 Nf6 5. d4 e6 6. Bd3 Be7 7. O-O O-O 8. Qe2
b6 9. Bg5 Bb7 10. c4 Qd8 11. dxc5 bxc5 12. Rd1 Qb6 13. Nc3 Nc6 14. Ne4 Nd7 15.
Bc2 Rfd8 16. Nd6 Nf6 17. Bxf6 Bxf6 18. Qe4 h6 19. Rab1 Rab8 20. b4 cxb4 21.
Qh7+ Kf8 22. Ne4 Rxd1+ 23. Bxd1 Ke7 24. c5 Qa5 25. Bb3 Ne5 26. Nxf6 Nxf3+ 27.
gxf3 Kxf6 28. Rc1 Ba6 29. Qe4 Rd8 30. Qh4+ Kg6 31. Qe4+ Kf6 32. Qh4+ Kg6
1/2-1/2

[Event "SR 1. liga zapad 2010/2011"]
[Site "?"]
[Date "2011.03.19"]
[Round "8.3"]
[White "Meszaros, Michal"]
[Black "Cibulka, Vladimir"]
[Result "1/2-1/2"]
[WhiteElo "2409"]
[BlackElo "2252"]
[PlyCount "28"]
[EventDate "2010.??.??"]

1. e4 Nf6 2. e5 Nd5 3. d4 d6 4. Nf3 dxe5 5. Nxe5 c6 6. Bc4 Nd7 7. Nf3 N7f6 8.
O-O Bg4 9. Nbd2 e6 10. h3 Bh5 11. Re1 Bd6 12. Bf1 O-O 13. c4 Ne7 14. b3 Bb4
1/2-1/2

[Event "SR 1. liga zapad 2010/2011"]
[Site "?"]
[Date "2011.03.19"]
[Round "8.3"]
[White "Polasek, Filip"]
[Black "Beres, Dominik"]
[Result "1-0"]
[WhiteElo "2104"]
[BlackElo "2083"]
[PlyCount "69"]
[EventDate "2010.??.??"]

1. e4 c5 2. Nf3 d6 3. d4 cxd4 4. Nxd4 Nf6 5. Nc3 g6 6. Be3 Bg7 7. f3 a6 8. Qd2
O-O 9. g4 Nc6 10. O-O-O Ne5 11. Be2 b5 12. g5 Nh5 13. f4 Ng4 14. Nc6 Bxc3 15.
Qxc3 Qe8 16. Nb4 Be6 17. f5 gxf5 18. exf5 Bxf5 19. Bxg4 Bxg4 20. Rd4 Bf5 21.
Rf1 Bg6 22. Nd5 Rc8 23. Qxc8 Qxc8 24. Nxe7+ Kg7 25. Nxc8 Rxc8 26. c3 Re8 27.
Kd2 Re6 28. a4 f5 29. axb5 axb5 30. Rb4 Re4 31. Rxe4 fxe4 32. Bd4+ Kg8 33. Ke3
Ng7 34. Bxg7 Kxg7 35. Kd4 1-0

[Event "SR 1. liga zapad 2010/2011"]
[Site "?"]
[Date "2011.03.19"]
[Round "8.3"]
[White "Siroky, Jan"]
[Black "Bury, Rastislav"]
[Result "1/2-1/2"]
[WhiteElo "2188"]
[BlackElo "2183"]
[PlyCount "30"]
[EventDate "2010.??.??"]

1. e4 c5 2. Nf3 d6 3. g3 Nf6 4. d3 g6 5. Bg2 Bg7 6. O-O Nc6 7. c3 O-O 8. Re1
Bg4 9. h3 Bd7 10. Nbd2 Rb8 11. d4 e5 12. dxc5 dxc5 13. Nc4 Qc7 14. Qc2 Be6 15.
Ne3 h6 1/2-1/2

[Event "SR 1. liga zapad 2010/2011"]
[Site "?"]
[Date "2011.03.19"]
[Round "8.4"]
[White "Brestak, Jan"]
[Black "Felcir, Jaroslav"]
[Result "1-0"]
[WhiteElo "2149"]
[BlackElo "2198"]
[PlyCount "120"]
[EventDate "2010.??.??"]

1. e4 e5 2. Nf3 Nc6 3. Bb5 Bc5 4. O-O Nge7 5. Nxe5 Nxe5 6. d4 c6 7. Be2 Bd6 8.
dxe5 Bxe5 9. f4 Qb6+ 10. Kh1 Bxb2 11. Bxb2 Qxb2 12. Nd2 Qd4 13. c3 Qxc3 14. Nc4
d5 15. Nd6+ Kf8 16. Rb1 b6 17. Rb3 Qc5 18. e5 Bf5 19. Bd3 g6 20. Bxf5 Nxf5 21.
Nxf5 gxf5 22. Qh5 Qc4 23. Rbf3 h6 24. Qxf5 Re8 25. Qf6 Rh7 26. Re1 Re6 27. Qd8+
Re8 28. Qd6+ Re7 29. f5 Qc5 30. Qb8+ Re8 31. Qxa7 Rg7 32. e6 Qb4 33. Ref1 f6
34. Qa6 Qa5 35. Qe2 d4 36. Qe4 Qxa2 37. R3f2 Qa4 38. Qh4 Ke7 39. Qxh6 Reg8 40.
Qf4 Rd8 41. Rb1 b5 42. Qh6 Rdg8 43. Qc1 Qc4 44. Qa3+ c5 45. Qa7+ Kd6 46. Qa6+
Kd5 47. h3 b4 48. Qb6 Ra8 49. e7 Rxe7 50. Qxf6 Rae8 51. Qg5 Re5 52. Qg6 Qd3 53.
Qf7+ Kc6 54. Ra1 Re1+ 55. Kh2 Qe3 56. Ra6+ Kb5 57. Qb7+ Kc4 58. Raa2 Qe5+ 59.
g3 Qe4 60. Rfc2+ Kb3 1-0

[Event "SR 1. liga zapad 2010/2011"]
[Site "?"]
[Date "2011.03.19"]
[Round "8.4"]
[White "Doucha, Ludvik"]
[Black "Blaho, Stefan"]
[Result "1/2-1/2"]
[WhiteElo "2099"]
[BlackElo "2094"]
[PlyCount "120"]
[EventDate "2010.??.??"]

1. e4 c5 2. c4 Nc6 3. Ne2 Nf6 4. Nbc3 e5 5. d3 d6 6. Bg5 Be7 7. Qd2 Bd7 8. g3
h6 9. Bxf6 Bxf6 10. Nd5 Bg5 11. f4 exf4 12. h4 Ne5 13. Ng1 Bf6 14. Nxf6+ Qxf6
15. Qxf4 Ke7 16. O-O-O Ng4 17. Rd2 g5 18. Qxf6+ Kxf6 19. Bh3 Ke7 20. Nf3 f6 21.
Bxg4 Bxg4 22. Ne1 gxh4 23. gxh4 Rhg8 24. Rf2 Raf8 25. Nc2 f5 26. Re1 Kd7 27.
Ne3 f4 28. Nd5 f3 29. Rg1 Ke6 30. Kd2 Ke5 31. Ke3 Bh5 32. Rxg8 Rxg8 33. Nf4 Bg4
34. Rf1 h5 35. Rf2 Rb8 36. Nd5 b5 37. b3 b4 38. Nf4 a5 39. Ng6+ Kf6 40. Nf4 Ke5
41. Nd5 a4 42. Nc7 Rc8 43. Nb5 axb3 44. axb3 Ra8 45. d4+ cxd4+ 46. Nxd4 Ra3 47.
Nc6+ Kf6 48. Rb2 Ra8 49. Nxb4 Ra1 50. Kf2 Rh1 51. Nd3 Rxh4 52. b4 Rh2+ 53. Ke3
Rxb2 54. Nxb2 h4 55. Nd3 Be6 56. c5 dxc5 57. Nxc5 Bg4 58. Nd3 h3 59. Kf4 h2 60.
Nf2 Bh5 1/2-1/2

[Event "SR 1. liga zapad 2010/2011"]
[Site "?"]
[Date "2011.03.19"]
[Round "8.4"]
[White "Gulbis, Adrian"]
[Black "Szitkey, Milan"]
[Result "1/2-1/2"]
[WhiteElo "2153"]
[BlackElo "2152"]
[PlyCount "100"]
[EventDate "2010.??.??"]

1. d4 d5 2. c4 e6 3. Nc3 Nf6 4. Bg5 Nbd7 5. e3 c6 6. cxd5 exd5 7. Bd3 Be7 8.
Nf3 O-O 9. O-O Re8 10. Qc2 Nf8 11. Rab1 a6 12. b4 Ne4 13. Bxe7 Qxe7 14. Bxe4
dxe4 15. Nd2 Bf5 16. Rfc1 Rad8 17. Na4 Qg5 18. Nf1 h5 19. Ng3 Ne6 20. Nxf5 Qxf5
21. Nc5 Re7 22. Nxe6 Rxe6 23. a4 h4 24. h3 Rg6 25. Kh2 Rdd6 26. f4 Rg3 27. Qd2
g5 28. Rc5 Rd5 29. fxg5 Qxg5 30. Rxd5 Qxd5 31. a5 Qc4 32. Qf2 Qe6 33. Rf1 Qg6
34. Kh1 Kg7 35. Rg1 Qd6 36. Rf1 Qg6 37. Qf4 Rxg2 38. Qxh4 Rg5 39. Qf4 Rh5 40.
Kh2 Rg5 41. Rf2 f6 42. h4 Rg1 43. Qc7+ Kh6 44. Rxf6 Rg2+ 45. Kh3 Qxf6 46. Kxg2
Qf3+ 47. Kh2 Qf2+ 48. Kh1 Qf1+ 49. Kh2 Qf2+ 50. Kh1 Qf1+ 1/2-1/2

[Event "SR 1. liga zapad 2010/2011"]
[Site "?"]
[Date "2011.03.19"]
[Round "8.4"]
[White "Horvath, Mario"]
[Black "Lanc, Alois"]
[Result "1/2-1/2"]
[WhiteElo "2320"]
[BlackElo "2399"]
[PlyCount "74"]
[EventDate "2010.??.??"]

1. d4 Nf6 2. Nf3 g6 3. Bg5 Bg7 4. Nbd2 h6 5. Bh4 d6 6. e4 g5 7. Bg3 Nh5 8. c3
Nd7 9. Nc4 Nf8 10. Nfd2 Nxg3 11. hxg3 c5 12. dxc5 dxc5 13. Ne3 e6 14. Ndc4
Qxd1+ 15. Rxd1 Ke7 16. Be2 Bd7 17. Nd6 Bc6 18. Bb5 Bxb5 19. Nxb5 Ng6 20. a4 h5
21. Ke2 h4 22. gxh4 gxh4 23. Rd2 Bh6 24. Rdd1 a6 25. Na3 b5 26. axb5 axb5 27.
Nxb5 Rhb8 28. c4 Ra2 29. Rd2 Ne5 30. b3 Rxd2+ 31. Kxd2 Rd8+ 32. Ke2 Bxe3 33.
fxe3 Rg8 34. Kf2 Ng4+ 35. Kf3 Ne5+ 36. Kf2 Ng4+ 37. Kf3 Ne5+ 1/2-1/2

[Event "SR 1. liga zapad 2010/2011"]
[Site "?"]
[Date "2011.03.19"]
[Round "8.4"]
[White "Miklas, Marian"]
[Black "Szeko, Ludovit"]
[Result "0-1"]
[WhiteElo "2139"]
[BlackElo "2078"]
[PlyCount "78"]
[EventDate "2010.??.??"]

1. Nf3 Nf6 2. c4 g6 3. g3 Bg7 4. Bg2 d6 5. O-O O-O 6. Nc3 c6 7. d4 Qc7 8. e4 e5
9. h3 Nbd7 10. Be3 Re8 11. Re1 a6 12. a4 b6 13. b4 c5 14. dxc5 dxc5 15. b5 a5
16. Qc2 Nf8 17. Nd5 Qb8 18. Bg5 N6d7 19. Rad1 f6 20. Bc1 Ne6 21. Bb2 Nd4 22.
Nxd4 cxd4 23. Ba3 Bf8 24. Bxf8 Kxf8 25. f4 Kg7 26. fxe5 fxe5 27. Rf1 Qd6 28.
Rf2 Rf8 29. Rdf1 Bb7 30. h4 Rxf2 31. Rxf2 Bxd5 32. cxd5 Nc5 33. Bf1 Rf8 34.
Rxf8 Qxf8 35. Kg2 Qf6 36. Be2 h5 37. Bd1 g5 38. hxg5 Qxg5 39. Qe2 h4 0-1

[Event "SR 1. liga zapad 2010/2011"]
[Site "?"]
[Date "2011.03.19"]
[Round "8.4"]
[White "Nicolini, Alexander"]
[Black "Janko, Ladislav"]
[Result "1/2-1/2"]
[WhiteElo "2152"]
[BlackElo "2239"]
[PlyCount "128"]
[EventDate "2010.??.??"]

1. e4 c6 2. d4 d5 3. exd5 cxd5 4. Bd3 Nc6 5. c3 g6 6. h3 Bg7 7. Nf3 Nh6 8. O-O
O-O 9. Re1 Nf5 10. Nbd2 Nd6 11. b3 Re8 12. Bb2 Bf5 13. Bf1 Qb6 14. g4 Bd7 15.
Rc1 Rad8 16. Ne5 Nxe5 17. dxe5 Ne4 18. Nxe4 dxe4 19. c4 Bc6 20. Qe2 Bh6 21.
Rcd1 e3 22. Rxd8 exf2+ 23. Qxf2 Rxd8 24. Qxb6 axb6 25. Bc3 Bd2 26. Bxd2 Rxd2
27. Re2 Rd1 28. Kf2 Kf8 29. Re3 Rd4 30. Be2 Ke8 31. Bf3 Bxf3 32. Kxf3 Kd7 33.
Rc3 Ke6 34. c5 b5 35. c6 bxc6 36. Rxc6+ Kxe5 37. Rc5+ Rd5 38. Rc7 Kd6 39. Rb7
h5 40. Ke4 hxg4 41. hxg4 Re5+ 42. Kf3 Rc5 43. Ke4 Re5+ 44. Kf3 f6 45. Rb8 g5
46. Rb7 e6 47. Rg7 Rd5 48. Ke3 Ke5 49. a3 Rc5 50. Kd3 f5 51. Rxg5 Kf4 52. Rg6
fxg4 53. Rxe6 Kf3 54. Rf6+ Kg2 55. Rg6 g3 56. Kd4 Rf5 57. Kc3 Kf3 58. a4 bxa4
59. bxa4 Rf4 60. a5 g2 61. a6 Kf2 62. a7 Rf8 63. Kc4 Ra8 64. Rf6+ Ke2 1/2-1/2

[Event "SR 1. liga zapad 2010/2011"]
[Site "?"]
[Date "2011.03.19"]
[Round "8.4"]
[White "Puchart, Vladimir"]
[Black "Kubica, Viktor"]
[Result "1-0"]
[WhiteElo "2064"]
[BlackElo "2015"]
[PlyCount "47"]
[EventDate "2010.??.??"]

1. d4 Nf6 2. c4 c5 3. d5 b5 4. g3 d6 5. Bg2 bxc4 6. Nc3 g6 7. e4 Nbd7 8. f4 Bb7
9. Nf3 Bg7 10. e5 dxe5 11. fxe5 Ng4 12. e6 fxe6 13. Ng5 Bxc3+ 14. bxc3 Nde5 15.
Nxe6 Qa5 16. O-O Nf6 17. Qe2 Nf7 18. d6 Nxd6 19. Bxb7 Nxb7 20. Rxf6 exf6 21.
Nxc5+ Kf7 22. Qe6+ Kg7 23. Qe7+ Kg8 24. Ne6 1-0

[Event "SR 1. liga zapad 2010/2011"]
[Site "?"]
[Date "2011.03.19"]
[Round "8.4"]
[White "Szucs, Vladimir"]
[Black "Arendas, Marek"]
[Result "1-0"]
[WhiteElo "2130"]
[BlackElo "2089"]
[PlyCount "73"]
[EventDate "2010.??.??"]

1. Nf3 Nf6 2. c4 c6 3. d4 d5 4. Nc3 e6 5. cxd5 exd5 6. Qc2 g6 7. Bg5 Bg7 8. e3
Bf5 9. Bd3 Bxd3 10. Qxd3 Nbd7 11. O-O O-O 12. b4 Re8 13. Rab1 h6 14. Bh4 g5 15.
Bg3 Ne4 16. Nd2 Nxg3 17. hxg3 b5 18. a4 a6 19. a5 Nf6 20. Nb3 Bf8 21. Nc5 Bxc5
22. dxc5 Ne4 23. Ne2 Rc8 24. f3 Nf6 25. Nd4 Nd7 26. Nf5 Re6 27. f4 Rc7 28. Rbe1
Qf8 29. e4 Nf6 30. e5 Ne8 31. Nd4 Ree7 32. f5 Rc8 33. f6 Ra7 34. Qf5 Raa8 35.
e6 fxe6 36. Qg6+ Kh8 37. Nxe6 1-0

[Event "SR 1. liga zapad 2010/2011"]
[Site "?"]
[Date "2011.03.19"]
[Round "8.6"]
[White "Debnar, Lubos"]
[Black "Pinter, Erik"]
[Result "1/2-1/2"]
[WhiteElo "2290"]
[BlackElo "2379"]
[PlyCount "33"]
[EventDate "2010.??.??"]

1. d4 Nf6 2. c4 g6 3. Nc3 d5 4. cxd5 Nxd5 5. e4 Nxc3 6. bxc3 Bg7 7. Bc4 c5 8.
Ne2 Nc6 9. Be3 O-O 10. O-O Bd7 11. Rb1 a6 12. dxc5 Qc7 13. Nd4 Na5 14. Be2 Rfd8
15. Qc1 Rdc8 16. Rd1 e6 17. Nb3 1/2-1/2

[Event "SR 1. liga zapad 2010/2011"]
[Site "?"]
[Date "2011.03.19"]
[Round "8.6"]
[White "Dlhy, Jozef"]
[Black "Certek, Pavel"]
[Result "0-1"]
[WhiteElo "2075"]
[BlackElo "2250"]
[PlyCount "130"]
[EventDate "2010.??.??"]

1. d4 Nf6 2. Nf3 g6 3. g3 Bg7 4. Bg2 c5 5. c4 cxd4 6. Nxd4 O-O 7. Nc3 Nc6 8.
O-O d6 9. Nc2 Qa5 10. Bd2 Qh5 11. e4 Bg4 12. f3 Bd7 13. b3 Rfd8 14. Qe1 Bh6 15.
Bxh6 Qxh6 16. Rd1 Rac8 17. Rf2 Re8 18. Qd2 Qh5 19. Ne3 Ne5 20. Ncd5 Nxd5 21.
Qxd5 Bc6 22. Qd4 a6 23. f4 Nd7 24. Nd5 Bxd5 25. Qxd5 Qxd5 26. Rxd5 Nf6 27. Rd4
Rc5 28. Re2 b5 29. e5 dxe5 30. fxe5 Nh5 31. cxb5 axb5 32. a4 bxa4 33. bxa4 Ng7
34. Rb4 Ne6 35. Kf2 Rec8 36. Bh3 R8c6 37. Bxe6 Rxe6 38. Rbe4 Kf8 39. Kf3 Ra6
40. Kf4 Rca5 41. Ra2 Ke8 42. g4 Kd7 43. g5 Ke6 44. h4 Rc5 45. Rb2 Rc1 46. Reb4
Rac6 47. a5 R6c4+ 48. Rxc4 Rxc4+ 49. Kg3 Kxe5 50. a6 Rc3+ 51. Kg2 Ra3 52. Rb7
Ke6 53. a7 f6 54. gxf6 Kxf6 55. Kf2 h6 56. Ke2 g5 57. hxg5+ hxg5 58. Kd2 g4 59.
Kc2 e6 60. Kb2 Ra6 61. Kb1 g3 62. Rb3 Rxa7 63. Rxg3 Rc7 64. Rg2 e5 65. Rf2+ Kg5
0-1

[Event "SR 1. liga zapad 2010/2011"]
[Site "?"]
[Date "2011.03.19"]
[Round "8.6"]
[White "Jancovic, Peter"]
[Black "Schwarz, Dusan"]
[Result "0-1"]
[WhiteElo "2167"]
[BlackElo "2294"]
[PlyCount "144"]
[EventDate "2010.??.??"]

1. d4 d5 2. c4 c6 3. Nc3 Nf6 4. Nf3 e6 5. e3 Nbd7 6. Bd3 dxc4 7. Bxc4 b5 8. Bd3
a6 9. O-O c5 10. Re1 Bb7 11. Bd2 Be7 12. Rc1 Qb6 13. Ne2 Ne4 14. Bc3 Ndf6 15.
Ne5 O-O 16. f3 Nxc3 17. bxc3 Rfd8 18. Qd2 Rac8 19. Rb1 Qc7 20. Qb2 Bd6 21. f4
Ne4 22. a4 b4 23. Nc4 a5 24. cxb4 cxb4 25. Rbc1 Bd5 26. Rc2 Bxc4 27. Rxc4 Qb7
28. Rec1 Rxc4 29. Rxc4 Nf6 30. Bb1 Nd5 31. Qc1 Nb6 32. Rc6 Nxa4 33. Qc4 g6 34.
e4 Nc3 35. Nxc3 bxc3 36. Bc2 Bxf4 37. Qxc3 Be3+ 38. Kf1 Bxd4 39. Qc4 Qb8 40. g3
Qe5 41. Kg2 Kg7 42. Rc8 Rxc8 43. Qxc8 Bc5 44. Qd7 h5 45. Qd3 Qb2 46. Qb3 Qd4
47. Qd3 Qf2+ 48. Kh3 Bd4 49. Bd1 Kf6 50. Bf3 Be5 51. Qd8+ Kg7 52. Qxa5 Qb2 53.
Qd8 Bd4 54. Be2 Bb6 55. Qd3 Qe5 56. Bf3 Bc7 57. Qe2 Kh6 58. Bh1 g5 59. Kg2 Bb6
60. h4 g4 61. Kh2 Qd4 62. Qf1 Kg6 63. Bg2 Qe3 64. e5 Bd8 65. Bc6 Kg7 66. Be8
Qa7 67. Qd3 Qf2+ 68. Kh1 Bb6 69. Qb1 Qf3+ 70. Kh2 Bf2 71. Bxf7 Qxg3+ 72. Kh1
Qh3# 0-1

[Event "SR 1. liga zapad 2010/2011"]
[Site "?"]
[Date "2011.03.19"]
[Round "8.6"]
[White "Janos, Martin"]
[Black "Gorusa, Miroslav"]
[Result "1/2-1/2"]
[WhiteElo "2246"]
[BlackElo "2136"]
[PlyCount "95"]
[EventDate "2010.??.??"]

1. e4 e5 2. Nc3 Nf6 3. f4 d5 4. fxe5 Nxe4 5. Nf3 Bg4 6. d3 Nxc3 7. bxc3 Be7 8.
Be2 Nd7 9. Bf4 O-O 10. O-O f6 11. Nd4 Bxe2 12. Qxe2 Bc5 13. Kh1 Re8 14. Qg4
Nxe5 15. Qg3 c6 16. Nf5 Ng6 17. Qg4 Kh8 18. Rf3 Qd7 19. Raf1 Nxf4 20. Qxf4 g6
21. Nh4 Re6 22. Qg4 f5 23. Qh3 Be7 24. g4 Bxh4 25. Qxh4 Qe7 26. Qf2 Re2 27. Qg1
a6 28. gxf5 gxf5 29. Rxf5 Rg8 30. Qd4+ Qg7 31. Qxg7+ Rxg7 32. R5f2 Rge7 33. Kg2
Kg7 34. Rb1 b5 35. Rb4 Rxf2+ 36. Kxf2 Kf6 37. Rg4 a5 38. Rg8 Ke6 39. Rb8 Kd6
40. h4 a4 41. Rg8 Rf7+ 42. Ke3 Rf1 43. Rg7 Ra1 44. Rxh7 Rxa2 45. Kd2 Ra1 46. d4
Rh1 47. h5 a3 48. Ra7 1/2-1/2

[Event "SR 1. liga zapad 2010/2011"]
[Site "?"]
[Date "2011.03.19"]
[Round "8.6"]
[White "Pacher, Milan"]
[Black "Maros, Milan"]
[Result "1-0"]
[WhiteElo "2399"]
[BlackElo "2329"]
[PlyCount "39"]
[EventDate "2010.??.??"]

1. d4 d5 2. c4 dxc4 3. Nf3 c5 4. e3 cxd4 5. Bxc4 Qc7 6. Bb3 e6 7. O-O Nf6 8.
exd4 Be7 9. Nc3 O-O 10. Bg5 Rd8 11. Qe2 Nc6 12. Rfe1 Kf8 13. Rac1 Bd7 14. d5
exd5 15. Nb5 Qa5 16. Rxc6 Bb4 17. Rxf6 gxf6 18. Bxf6 Re8 19. Ne5 Rxe5 20. Qxe5
1-0

[Event "SR 1. liga zapad 2010/2011"]
[Site "?"]
[Date "2011.03.19"]
[Round "8.6"]
[White "Petenyi, Tamas"]
[Black "Mokos, Jozef"]
[Result "1/2-1/2"]
[WhiteElo "2393"]
[BlackElo "2246"]
[PlyCount "156"]
[EventDate "2010.??.??"]

1. e4 e6 2. d4 d5 3. Nd2 dxe4 4. Nxe4 Bd7 5. Nf3 Bc6 6. Bd3 Nd7 7. Qe2 Ngf6 8.
Nxf6+ Nxf6 9. Be3 Bxf3 10. Qxf3 c6 11. O-O Be7 12. c4 O-O 13. Rad1 Qa5 14. a3
Rad8 15. Rfe1 Qh5 16. Qxh5 Nxh5 17. d5 exd5 18. Bxa7 Bf6 19. Bb6 Rde8 20. Bc5
Rxe1+ 21. Rxe1 Rd8 22. g3 dxc4 23. Bxc4 g6 24. Bb6 Ra8 25. Rd1 Ng7 26. Rd7 Ne6
27. b3 Rxa3 28. Rxb7 Ra1+ 29. Kg2 Rd1 30. Be3 h5 31. h4 Rd6 32. Rb8+ Kg7 33.
Rc8 Bd4 34. Bc1 Kf6 35. Ba3 Bc5 36. b4 Bd4 37. b5 c5 38. Bxe6 Kxe6 39. Bxc5
Bxc5 40. Rxc5 Rd2 41. Rc6+ Kd7 42. Ra6 Rb2 43. b6 Rb3 44. Ra7+ Ke6 45. b7 Kf5
46. Kf1 Rb2 47. Ke1 f6 48. Kd1 g5 49. Kc1 Rb6 50. Kd2 gxh4 51. gxh4 Ke4 52. Kc2
f5 53. Ra4+ Kd5 54. Ra5+ Ke4 55. Ra7 Kd4 56. f3 Kc4 57. Ra4+ Kd5 58. Ra5+ Kd4
59. Ra7 Kd5 60. f4 Kd4 61. Kd2 Rb2+ 62. Kc1 Rb6 63. Kc2 Kc4 64. Ra4+ Kd5 65.
Ra7 Kc4 66. Ra5 Rxb7 67. Rxf5 Kd4 68. Rf8 Ke4 69. f5 Ke5 70. Kc3 Rd7 71. f6 Ke6
72. Kc4 Rf7 73. Rh8 Kxf6 74. Rxh5 Kg6 75. Rd5 Rf4+ 76. Rd4 Rxd4+ 77. Kxd4 Kh5
78. Kd5 Kxh4 1/2-1/2

[Event "SR 1. liga zapad 2010/2011"]
[Site "?"]
[Date "2011.03.19"]
[Round "8.6"]
[White "Pindes, Robert"]
[Black "Janos, Jozef"]
[Result "0-1"]
[WhiteElo "2014"]
[BlackElo "2181"]
[PlyCount "102"]
[EventDate "2010.??.??"]

1. Nf3 Nf6 2. d4 g6 3. c4 Bg7 4. Nc3 O-O 5. e4 d6 6. Be2 Nc6 7. d5 Ne5 8. Nxe5
dxe5 9. O-O e6 10. Be3 exd5 11. cxd5 Ne8 12. Rc1 a6 13. b4 Nd6 14. a4 f5 15. f3
Bd7 16. b5 axb5 17. axb5 b6 18. Qb3 Rf7 19. Rc2 f4 20. Bf2 Bf8 21. Rfc1 Kg7 22.
Nd1 Ne8 23. Qc3 Bd6 24. Ra1 Rxa1 25. Qxa1 g5 26. Nb2 Qe7 27. Qa4 h5 28. h3 Nf6
29. Nd3 g4 30. hxg4 hxg4 31. fxg4 Nxg4 32. Bxg4 Bxg4 33. Ne1 Bd1 34. Qb3 Qd7
35. Qd3 Bxc2 36. Nxc2 Qg4 37. Ne1 Rf6 38. Nf3 Rg6 39. Nh4 Rg5 40. Kf1 Rh5 41.
Nf5+ Rxf5 42. exf5 Kf6 43. Be1 Qxf5 44. Qc4 Qh7 45. Ke2 Qh5+ 46. Kd2 Qg6 47.
Bh4+ Kf7 48. Qe2 e4 49. Kc3 Qf5 50. Kc4 f3 51. gxf3 exf3 0-1

[Event "SR 1. liga zapad 2010/2011"]
[Site "?"]
[Date "2011.03.19"]
[Round "8.6"]
[White "Polacik, Igor"]
[Black "Zelovic, Marek"]
[Result "1-0"]
[WhiteElo "2180"]
[BlackElo "2032"]
[PlyCount "91"]
[EventDate "2010.??.??"]

1. d4 d5 2. Nf3 Nf6 3. g3 e6 4. Bg2 c5 5. O-O Be7 6. c4 O-O 7. cxd5 exd5 8. Nc3
c4 9. Ne5 Nc6 10. Bg5 Be6 11. Nxc6 bxc6 12. Qc2 h6 13. Bxf6 Bxf6 14. e3 Be7 15.
b3 cxb3 16. axb3 Qb6 17. Na4 Qb5 18. Rfc1 Rfc8 19. Bf1 Qb4 20. Nc5 Bxc5 21.
Qxc5 Qxc5 22. Rxc5 Rcb8 23. Rxc6 Rxb3 24. Rca6 Rb7 25. R6a5 g6 26. Bg2 Rd7 27.
Bf3 Kg7 28. Kg2 Kf8 29. h4 Kg7 30. Ra6 Kf8 31. R1a5 Kg7 32. Be2 Kf8 33. Bb5 Rc7
34. Bc6 Rd8 35. Bb5 Rb8 36. Bd3 Ra8 37. Ra2 Kg7 38. R6a5 Rd7 39. Bc2 Kf8 40.
R5a3 Kg7 41. Ra6 Kf8 42. Bxg6 Kg7 43. Bd3 Kf8 44. Be2 Kg7 45. g4 Kf8 46. f4 1-0

[Event "SR 1. liga zapad 2010/2011"]
[Site "?"]
[Date "2011.03.19"]
[Round "8.7"]
[White "Boldis, Frantisek"]
[Black "Hecko, Dusan"]
[Result "0-1"]
[WhiteElo "2037"]
[BlackElo "2114"]
[Annotator "Fritz 12 (20s)"]
[PlyCount "42"]
[EventDate "2010.??.??"]

{A48: 1 d4 Nf6 2 Nf3 g6: Torre, London and Colle Systems} 1. d4 Nf6 2. Nf3 d6
3. Bf4 Nbd7 4. e3 g6 5. Bd3 Bg7 6. Nbd2 O-O 7. O-O c5 8. c3 Re8 {N} (8... b6)
9. Bg5 Rb8 10. Qc2 b5 11. Rfd1 Qb6 12. Rab1 Bb7 13. b3 $2 (13. e4 $11) 13...
cxd4 $17 14. Nxd4 a6 15. Rbc1 $4 (15. Be2 $142 $17) 15... e5 $19 16. Nf5 gxf5
17. Bxf5 h6 18. Bh4 Nc5 19. c4 b4 20. Re1 $2 e4 21. Re2 Bc8 0-1